000 00469nam a2200181Ia 4500
005 20250508160802.0
008 008 250505s9999 xx 000 0 hin d
037 _aTextual
040 _aFEDL
_beng
_cFEDL
041 _ahin
_2eng
084 _a400, TIW
_qFEDL
100 _aTiwari Bhola Nath
245 0 _aBhasa vigyan pravesh
260 _aDelhi, India
_bShabdakar
_c1972
300 _a128p.
942 _cTEXL
_h400, TIW
999 _c1366619
_d1366619